The 2023 F1 grid in 1 minute - Statistics

General Stats
  • This quiz has been taken 9 times
  • The average score is 12 of 20
Answer Stats
Answer % Correct
Lewis Hamilton
100%
Charles Leclerc
86%
George Russell
86%
Lando Norris
86%
Max Verstappen
86%
Oscar Piastri
86%
Carlos Sainz
71%
Kevin Magnussen
71%
Nico Hülkenberg
71%
Sergio Pérez
71%
Esteban Ocon
57%
Pierre Gasly
57%
Valtteri Bottas
57%
Fernando Alonso
43%
Lance Stroll
43%
Yuki Tsunoda
43%
Zhou Guanyu
43%
Logan Sargeant
29%
Nyck de Vries
29%
Alex Albon
14%
No matching quizzes found
Score Distribution
Percent of People with Each Score
Percentile by Number Answered
Your Score History
You have not taken this quiz